000 00489nam a2200193Ia 4500
005 20260618142912.0
008 131103s9999 xx 000 0 und d
040 _aLoreto College
041 _aEnglish
082 _a232
_bLAM
100 _aLamplighter
245 _aSigns which he did
_cLamplighter
260 _aLondon
_bBurns Oates & Washbourne
_c1936
300 _a244p.
_b ill.
650 _aChristianity
651 _aJesus christ & his family
850 _aLCLIB
942 _cBK
999 _c25437
_d75916